Traité théorique et pratique des opérations de banque

Na minha lista:
Detalhes bibliográficos
Formato: Livro
Idioma:francês
Publicado em: Paris Guillaumin et Cie 1876
Tags: Adicionar Tag
Sem tags, seja o primeiro a adicionar uma tag!

MARC

LEADER 00000nam a2200000 4500
001 0303326
005 20240801113433.0
041 0 |a fre 
044 |a FR 
245 1 0 |a Traité théorique et pratique des opérations de banque  |c Jean Gustave Courcelle-Seneuil 
264 1 |a Paris  |b Guillaumin et Cie  |c 1876